11 Records météorologiques en France - Statistiques

Statistiques générales
  • Ce quiz a été pris 46 fois
  • Le résultat moyen est 4 sur 11
Statistiques - réponses
Record Date record (département) Réponse % Correct
Le pourcentage d'humidité le plus basenregistré en France 29 juin 2019 (Ardèche) 8%
95%
La température maximale enregistrée en France 28 juin 2019 (Hérault) 46°C
88%
La température minimale enregistrée en France 9 janvier 1985 (Doubs) -33°C
57%
Le plus gros grêlon enregistrée en France (en cm de diamètre) 25 mai 2009 (Nord) 12 cm de diamètre
52%
La plus forte rafale de ventenregistrée en France 24 janvier 2009 (Hautes-Pyrénées) 258 km/h
19%
La plus grosse couche de neige enregistrée en France en plaine (en cm) 28 janvier 2006 (Aveyron) 102 cm
14%
Le plus grand nombre d'impact de foudre en une journée enregistré en France 17 septembre 2023 35 000 impacts
12%
La valeur de MUCAP (indice d'instabilité)la plus haute enregistrée en France 25 mai 2009 (Nord) 4 950 J/kg
7%
La plus basse pression atmosphériqueenregistrée en France 25 février 1989 (Manche) 951.8 hPa
5%
La plus haute pression atmosphériqueenregistrée en France 20 janvier 2020 (Somme) 1049.7 hPa
2%
Le plus gros cumul de pluie enregistrée en 24h en France 8 septembre 2002 (Gard) 543 mm
0%
Aucun quiz correspondant
Distribution des résultats
% des personnes avec chaque résultat
Percentile par nombre de réponses
Votre historique - résultats
Vous n’avez pas pris ce quiz